| 000 | 00452cam a22001814a 4500 | ||
|---|---|---|---|
| 005 | 20250605164405.0 | ||
| 008 | 250528s ||||||||||||||||||||||||d | ||
| 035 | _a24766 | ||
| 020 | _a9786182100882 | ||
| 040 |
_aGR-AtMCL _bgre _dGR-AtMCL _eAACR2 |
||
| 245 | 1 | _aΗ Πριγκίπισσα Μάντυ | |
| 300 | _a32 | ||
| 700 | 1 |
_aΡέα Κατσάπη _99535 |
|
| 942 | _cBK | ||
| 260 | _bΕλκυστής | ||
| 999 |
_c9617 _d9617 |
||